BTS:Members Quiz Stats

 Plays Quiz not verified by Sporcle

Score 0/7 Timer 02:00
0 Plays Today
Hint Answer % Correct
His nickname is 'God Of Destruction'Rap Monster
99.8%
His favorite color is pinkJin
99.7%
Dad of BTSSuga
99.2%
He is 'Dooly'Jimin
99.2%
His nickname is'King Wang Zzang (the best)'J-hope
99%
Maknae Jungkook
98%
His nickname is ''Tae Tae''V
82.8%

You're not logged in!

Compare scores with friends on all Sporcle quizzes.
OR
Log In

Show Comments

Extras

Created Aug 19, 2015ReportNominate

Top Quizzes Today


Score Distribution

Your Account Isn't Verified!

In order to create a playlist on Sporcle, you need to verify the email address you used during registration. Go to your Sporcle Settings to finish the process.

Report this User

Report this user for behavior that violates our Community Guidelines.

Details: